000 00499 a2200205 4500
001 13128
020 _a9788516063184
041 _apor
090 _aP Year 3 028
100 _aBandeira, Pedro.
250 _a3.ed.
490 _aSérie os Karas
697 _aLiteratura infanto-juvenil
830 _aSérie os Karas
856 _u00001e/00001eb0.jpg
040 _aBR-BrIDEA
_cBR-BrIDEA
245 1 0 _aUma ideia solta no ar
_c Pedro Bandeira
260 _a[S.l.]
_bModerna
_c2009
942 _cBK
999 _c13128
_d13128